000 00928nam a2200301 i 4500
001 50961
003 SpMaBN
005 20240301063048.0
008 230518s2008 sp | |||| 000 j spa
017 _aM 18652-2008
_bOficina Depósito Legal Madrid
020 _a9788496974029
035 _a(OCoLC)433651887
040 _aSpMaBN
_bspa
_cES-MaACL
_erda
080 _a821.134.2-34"19"(082.2)
100 1 _aFerres, Antonio,
_d1924-
_950559
_eaut
245 1 3 _aEl caballo y el hombre y otros relatos /
_cAntonio Ferres
264 1 _aMadrid :
_bGadir,
_c[2008]
300 _a165 páginas ;
_c21 cm
490 1 _aGadir ficción
500 _aÍndice
655 7 _9226829
_aCuentos
830 _9176544
_aGadir ficción
852 _aES-MaACL
_bR.153227
_cDEPOJ
_hDonación: Editorial
_jN-8315
_952895
942 _cMONOGRAFIA
_n0
956 _a2
999 _c50961
_d50961